| 000 | 00794nam a22002057a 4500 | ||
|---|---|---|---|
| 005 | 20220110101150.0 | ||
| 008 | 220110b ||||| |||| 00| 0 eng d | ||
| 020 | _a8185843244 | ||
| 040 | _cAL | ||
| 082 |
_223 _a294.54 _bVIVP |
||
| 100 |
_aSwami Vivekananda _912738 |
||
| 245 | _aPearls of Wisdom | ||
| 260 |
_aKolkata: _bThe Ramakrishna Mission, _c1988. |
||
| 300 |
_avi,220 p. _bPB _c18x12 cm. |
||
| 520 | _aThis book is a complete Collection of Swami Vivekananda's Quotes collected from Complete Works Of Swami Vivekananda. The quotes are grouped by key words like 'Love', 'Knowledge', 'Leader' etc....and are sorted alphabetically | ||
| 650 |
_aSpiritual Life-Hinduism _912739 |
||
| 650 |
_aSwami Vivekananda Quotes _912740 |
||
| 700 |
_aVIVEKANANDA (Swami) _912741 |
||
| 942 |
_2ddc _cGF |
||
| 999 |
_c221124 _d221124 |
||